Sri Lanka in crisis : (Record no. 474)
[ view plain ]
| 000 -LEADER | |
|---|---|
| fixed length control field | 00666nam a2200193 a 4500 |
| 001 - CONTROL NUMBER | |
| control field | 1539069 |
| 005 - DATE AND TIME OF LATEST TRANSACTION | |
| control field | 20240222032531.0 |
| 008 - FIXED-LENGTH DATA ELEMENTS--GENERAL INFORMATION | |
| fixed length control field | 910627s1989 ce b 000 0 eng |
| 020 ## - INTERNATIONAL STANDARD BOOK NUMBER | |
| ISBN | 9555990204 . |
| 040 ## - CATALOGING SOURCE (பட்டியலாக்க மூலம்) | |
| Original cataloging agency | DLC |
| Transcribing agency | DLC |
| Modifying agency | DLC |
| 082 00 - DDC Classification | |
| Class No. | 322.42 |
| DDC Edition Number | 20 |
| Item Number - Author Mark | SRI. |
| 100 1# - MAIN ENTRY--PERSONAL NAME | |
| Personal name | Ayivan, Vikṭar. |
| 245 10 - TITLE STATEMENT | |
| Title | Sri Lanka in crisis : |
| Remainder of title | road to conflict / |
| Statement of responsibility, etc. | Victor Ivan. |
| 260 ## - PUBLICATION, DISTRIBUTION, ETC. | |
| Place of publication, distribution, etc. | Ratmalana, Sri Lanka : |
| Name of publisher, distributor, etc. | Sarvodaya Book Pub. Services, |
| Date of publication, distribution, etc. | 1989. |
| 300 ## - PHYSICAL DESCRIPTION | |
| Extent (e.g. Volumes, Pages etc.) | xiv, 94 p. ; |
| 500 ## - GENERAL NOTE | |
| General note | Translation of: Arbudayē gaman maṅga. |
| 500 ## - GENERAL NOTE | |
| General note | Chiefly contemporary political events; includes an account of the economic conditions covering the period 1948-1988. |
| 942 ## - Koha item type (Biblio) | |
| Koha item type | Books in Stacks (Lending) |
| Lost status | Damaged status | Collection code | Home library | Current library | Date acquired | Full call number | Accession Number | Item type |
|---|---|---|---|---|---|---|---|---|
| Lending | WERC Library | WERC Library | 02/22/2024 | 322.42 SRI. | 5814 | Books in Stacks (Lending) |
